000 02254cam a22004337a 4500
001 data
005 20260322212105.0
008 data
035 _a17324797
906 _a7
_bcbc
_ccopycat
_d2
_encip
_f20
_gy-gencatlg
925 0 _aacquire
_b2 shelf copies
_xpolicy default
010 _a 2012940912
020 _a9781111540302
_qpbk
020 _a1111540306
_qpbk
035 _a(OCoLC)815506264
040 _aAU@
_beng
_cAU@
_dDLC
_dCUX
_dYDXCP
_dYOU
_dDLC
042 _alccopycat
050 0 0 _aRA651
_b.M19 2013
082 0 4 _a614.4
_223
100 1 _aMacera, Caroline A.
245 1 0 _aIntroduction to epidemiology :
_bdistribution and determinants of disease in humans /
_cCaroline A. Macera, Richard A. Shaffer, Peggy M. Shaffer.
260 _aClifton Park, N.Y. :
_bCengage Learning, Inc,
_c2012.
300 _axxiii, 471 p. :
_bill., maps ;
_c28 cm.
336 _atext
_btxt
_2rdacontent
337 _aunmediated
_bn
_2rdamedia
338 _avolume
_bnc
_2rdacarrier
490 1 _aPublic health basics.
500 _a"Delmar Health Care"--Cover.
504 _aIncludes bibliographical references and index.
520 _a"Introduction to Epidemiology: Distribution and Determination in Humans, the first offering in the Public Health Basics series, is an ideal introductory text designed for the student with little or no experience in epidemiology. Effective chapter organization allows you to first understand the basic concepts in epidemology such as its history and integration into public health, disease occurrence, data sources, accuracy, and study design. The second collection of chapters seamlessly guides you through the distribution and determinants of disease in humans--including cancer, diabetes, infectious diseases-- and the diseases of developing countries. This promises to be your go-to resource in navigating the complex data behind the spread of disease and its future prevention."--P. 4 of cover.
650 0 _aEpidemiology.
650 1 2 _aEpidemiology.
700 1 _aShaffer, Richard A.
700 1 _aShaffer, Peggy M.
830 0 _aPublic health basics.
999 _c1536
_d1536